Musique par lettre - F - Statistiques

Statistiques générales
  • Ce quiz a été pris 3 847 fois
  • Le résultat moyen est 6 sur 15
Statistiques - réponses
Questions Réponses % Correct
Instrument, elle peut être traversière, à bec, de pan... Flûte
95%
Chanteur français, né en Egypte, considéré comme un des artistes les plus appréciés des français encore aujourd'hui Claude François
64%
Titre d'une chanson de Calogero en duo avec Passi, sortie en 2004 Face à la mer
60%
Chanteuse afro-américaine, surnommé "The Queen of Soul", militante des droits civiques Aretha Franklin
51%
Chanteuse belge, auteur-interprète de "Je t'aime", "Broken Vow"... Lara Fabian
49%
Titre de la chanson de Marshmello en collaboration avec Anne-Marie FRIENDS
45%
Titre du premier single extrait du premier album studio d'Alicia Keys Fallin'
39%
Chanteuse afro-américaine de jazz, reconnaissable par ses capacités d'improvisation et l'utilisation du scat, une chanson interprétée par France Gall lui est dédiée Ella Fitzgerald
31%
Titre d'une chanson interprétée par Rihanna, Kanye West et Paul McCartney FourFiveSeconds
31%
Signification de l’abréviation "ff" en solfège Fortissimo
28%
Titre d'une chanson du groupe allemand Alphaville, sortie en 1984 sur l'album éponyme Forever Young
27%
Titre d'une chanson écrite en 1964, reprise et rendue célèbre par Nina Simone Feeling Good
26%
Titre d'une chanson d'Anznavour, dans laquelle il est "malheureux d'avoir si peu de mots à t'offrir en cadeaux" For me formidable
24%
Titre d'une chanson des années 50, plus connue dans la version de Frank Sinatra, elle a aussi été appellée "In Other Words" Fly me to the moon
17%
Groupe de rock américano-britannique, interprète des chanson "I Want To Know What Love Is", "Waiting For a Girl Like You"... Foreigner
17%
Aucun quiz correspondant
Distribution des résultats
% des personnes avec chaque résultat
Percentile par nombre de réponses
Votre historique - résultats
Vous n’avez pas pris ce quiz